Nissim Ezekiel remembered / (Record no. 20883)

MARC details
000 -LEADER
fixed length control field 01107nam a22002774a 4500
005 - DATE AND TIME OF LATEST TRANSACTION
control field 20081222153641.0
008 - FIXED-LENGTH DATA ELEMENTS--GENERAL INFORMATION
fixed length control field 080811s2008 ii b 001 0deng
010 ## - LCCN (DPL NO)
LC control number ENG-92468
020 ## - INTERNATIONAL STANDARD BOOK NUMBER
International Standard Book Number 9788126026487
Terms of availability 275.00
035 ## - SYSTEM CONTROL NUMBER
System control number EN-76001
037 ## - SOURCE OF ACQUISITION
Source of stock number/acquisition DBAD / VEN
040 ## - CATALOGING SOURCE
Original cataloging agency dpl
Language of cataloging English
082 ## - DEWEY DECIMAL CLASSIFICATION NUMBER
Classification number 881.092
245 ## - TITLE STATEMENT
Title Nissim Ezekiel remembered /
Statement of responsibility, etc edited by Havovi Anklesaria with assistance from Santan Rodrigues
250 ## - EDITION STATEMENT
Edition statement 1st ed.
260 ## - PUBLICATION, DISTRIBUTION, ETC. (IMPRINT)
Place of publication, distribution, etc New Delhi :
Name of publisher, distributor, etc Sahitya Akademi,
Date of publication, distribution, etc 2008
300 ## - PHYSICAL DESCRIPTION
Extent xxxii, 603 p.
Dimensions 23 cm (Hb)
500 ## - GENERAL NOTE
General note Includes index.
600 ## - SUBJECT ADDED ENTRY--PERSONAL NAME
Personal name Ezekiel, Nissim,
Dates associated with a name 1924-2004
General subdivision Criticism and interpretation.
700 ## - ADDED ENTRY--PERSONAL NAME
Personal name Ezekiel, Nissim,
Dates associated with a name 1924-2004.
700 ## - ADDED ENTRY--PERSONAL NAME
Personal name Anklesaria, Havovi.
700 ## - ADDED ENTRY--PERSONAL NAME
Personal name Rodrigues, Santan.
942 ## - ADDED ENTRY ELEMENTS (KOHA)
Source of classification or shelving scheme Dewey Decimal Classification
Item type English Books
Call number suffix NIS
Classification part 881.092
Holdings
Withdrawn status Lost status Source of classification or shelving scheme Damaged status Not for loan Collection code Home library Current library Date acquired Source of acquisition Cost, normal purchase price Total Checkouts Full call number Barcode Date last seen Copy number Cost, replacement price Koha item type
    Dewey Decimal Classification   Not For Loan Non-fiction D.B.Act.Division D.B.Act.Division 12/01/2009 DBAD / VEN 275.00   881.092 NIS EN-76001 12/01/2009 1 275.00 English Books

© Delhi Public Library
Hit Counter
free hit counter